Η καταγραφή, μελέτη και αξιοποίηση των προβιομηχανικών και βιομηχανικών εγκαταστάσεων της Μεσσηνίας :

Αποθηκεύτηκε σε:
Λεπτομέρειες βιβλιογραφικής εγγραφής
Κύριος συγγραφέας: Λάσκαρης, Νικόλαος Γ.
Μορφή: Βιβλίο
Γλώσσα:Greek
Δημοσίευση: Αθήναι : [χ.ό.], 2011.
Θέματα:
Ετικέτες: Προσθήκη ετικέτας
Δεν υπάρχουν, Καταχωρήστε ετικέτα πρώτοι!

MARC

LEADER 00000nam a2200000 a 4500
001 1/127347
008 230926s2011####gr | ||| |||| ||gre||
040 |a GR-MyUa  |b gre  |c GR-MyUa  |e AACR2 
041 0 |a gre 
082 7 |a 725.409495   |2 (23) 
100 1 |a Λάσκαρης, Νικόλαος Γ. 
245 1 2 |a Η καταγραφή, μελέτη και αξιοποίηση των προβιομηχανικών και βιομηχανικών εγκαταστάσεων της Μεσσηνίας :   |h [ανάτυπο] /   |c Νικόλαος Γ. Λάσκαρης. 
260 |a Αθήναι :   |b [χ.ό.],   |c 2011. 
300 |a 34 σ. :   |b φωτ. ;   |c 24 εκ.  
500 |a Ανάτυπον από τα ''Πελοποννησιακά'', τόμ. Λ'2, 2011. 
504 |a Περιλαμβάνει βιβλιογραφικές παραπομπές. 
650 0 |a Industrial buildings  |z Greece. 
650 0 |a Public buildings  |z Greece. 
651 0 |a Messenia (Greece) 
852 |a INST  |b RHODES  |e 20230926  |h 725.409495 ΛΑΣ  |p 005400043782  |q 005400043782  |t BK  |y 0 
970 |z 26-09-2023